000 00292nam a2200121Ia 4500
008 211105s9999 xx 000 0 und d
020 _aVYASA09790
100 _aGharote M.L
245 0 _aPranayama The Science Of Breath
250 _a\N
260 _bThe Lonavla Yoga Institute
_c\N
300 _a\N
999 _c481
_d481